Ảnh Việt Nam thế kỷ XX

Сохранить в:
Библиографические подробности
Главный автор: Hội nghệ sĩ nhiếp ảnh Việt Nam
Формат:
Язык:Vietnamese
Опубликовано: Văn hoá - Thông tin 2002
Метки: Добавить метку
Нет меток, Требуется 1-ая метка записи!
Thư viện lưu trữ: Mạng thư viện Đại học Đà Nẵng
LEADER 00784nam a2200265 4500
001 000022071
003 18519
005 20150424140453.0
008 150424s2002 viesd
020 |c 385000 
041 0 |a vie 
082 1 4 |a 778,991597  |b HÔI 
100 1 |a Hội nghệ sĩ nhiếp ảnh Việt Nam 
245 1 0 |a Ảnh Việt Nam thế kỷ XX  |c Hội nghệ sĩ nhiếp ảnh Việt Nam 
246 |a La photographie du Vietnam au 20e siècle  |a Vietnamese photography in the 20th century 
260 |b Văn hoá - Thông tin  |c 2002 
300 |a tr.  |c cm. 
OWN |a LSP 
999 |a From the UDN01 
TYP |a Monograph 
TYP |a Printed language 
980 |a Mạng thư viện Đại học Đà Nẵng